000 00301nam a2200109Ia 4500
008 200302s9999 xx 000 0 und d
100 _aStephen Dobney
245 _aThe Monograph Series Percy Thomas Partnership HK
260 _bThe Images Publishing Group Pvt. Ltd.
260 _c1998
300 _a79 P.,
999 _c1206
_d1206